000 00325nam a2200157Ia 4500
100 _aMoultis/Natanya Pitta
250 _a1
942 _cBK
654 _aComputer
245 _aBlack Book Dynamics HTML
260 _bComDex
_aNew Delhi
_c1998
082 _a6.6
_bPIT
300 _a662
546 _aENGLISH
999 _c24622
_d24622